LDR 00882naa#a2200205#i#450# 001 EN\\bibl\123253 005 20260603112346.3 011 ## _a2782-5957 100 ## _a20260529b2026####ek#y0engy0150####ca 102 ## _aRU 200 1# _aMODELING OF OPERATIONAL PROCESSES OF THE DIESEL ENGINE WITH THE HELP OF MODERN SOFTWARE PACKAGES _eJournal article 210 1# _aBryansk _cBryansk State Technical University _d2026 215 ## _a7 с. 608 ## _aJournal article _2local 675 ## _aИнструментальные средства разработки программного обеспечения. 004.4'2 _aДвигатели внутреннего сгорания. 621.43 _z 686 ## _aАвтодорожный транспорт. 393 _2bbk 700 #1 _aObozov _gAleksandr Alekseevich 700 #1 _aFes'kov _gDmitriy Vladimirovich 700 #1 _aTitenok _gDmitry Olegovich 856 4# _anaukaru.ru _u